| 000 | 00526nam a2200205Ia 4500 | ||
|---|---|---|---|
| 005 | 20250326145620.0 | ||
| 008 | 250326s9999 xx 000 0 und d | ||
| 037 | _aTextbook | ||
| 040 |
_aFMSL _beng _cFMSL |
||
| 041 |
_aeng _2eng |
||
| 084 |
_aX:3 Q9 _qFMSL |
||
| 100 |
_aHargie O _9749585 |
||
| 245 | 0 |
_aHandbook of communciation skills _cHargie O |
|
| 250 | _a4 | ||
| 260 |
_aNY _bNY, Routledge _c2019 |
||
| 365 |
_aUKP _b47.99 |
||
| 650 | _aManagement | ||
| 942 |
_cTB _hX:3 Q9 |
||
| 999 |
_c1308186 _d1308186 |
||